000 00444nam a2200121Ia 4500
008 220620s9999||||xx |||||||||||||| ||und||
100 _aHülya Akdemir||Francisco Marco-Jiménez
245 0 _aCryopreservation in Eukaryotes
546 _aEnglish[eng]
650 _aLife Sciences||Microbiology||Genetics and Molecular Biology||Cytology||Biochemistry
856 _uhttps://www.intechopen.com/books/cryopreservation-in-eukaryotes
942 _cEB
999 _c34499
_d34499